00650pam a2200217 i 450000100060000000300080000600500170001400800390003102000280007003500190009804000230011704100080014008200200014824501030016826000440027130000350031550400200035065000170037070000200038773000250040726773BD-RjUL20211209051051.0140323s1976 caua b 001 0 eng a0716705427.a0716705419 a(BD-RjUL)26844 aDLCcDLCdDLCbeng aeng00a930.1bAVE 197600aAvenues to antiquity :breadings from Scientific American /cwith introductions by Brian M. Fagan. aSan Francisco :bW. H. Freeman,cc1976. aviii, 334 p. :bill. ;c30 cm. aIncludes index. 0aArchaeology.1 aFagan, Brian M. aScientific American.